Lập trình song ngữ Pascal và C cho đồ họa máy tính

Zapisane w:
Opis bibliograficzny
1. autor: Nguyễn Xuân Huy
Format: Książka
Język:Undetermined
Wydane: H. KHKT 2000
Hasła przedmiotowe:
Etykiety: Dodaj etykietę
Nie ma etykietki, Dołącz pierwszą etykiete!
Thư viện lưu trữ: Trung tâm Học liệu Trường Đại học Cần Thơ
LEADER 00648nam a2200205Ia 4500
001 CTU_40532
008 210402s9999 xx 000 0 und d
020 |b 58.000đ 
082 |a 006.66 
082 |b H523 
100 |a Nguyễn Xuân Huy 
245 0 |a Lập trình song ngữ Pascal và C cho đồ họa máy tính 
245 0 |c Nguyễn Xuân Huy 
260 |a H. 
260 |b KHKT 
260 |c 2000 
650 |a c ( computer program languagge ),pascal ( computer program languagge ),computer graphics 
650 |x computer programs 
904 |i Minh, 010321 
980 |a Trung tâm Học liệu Trường Đại học Cần Thơ